Ideas, insights and arguments: a non-fiction collection (Record no. 64099)
[ view plain ]
| 000 -LEADER | |
|---|---|
| fixed length control field | 00819nam a2200181 a 4500 |
| 008 - FIXED-LENGTH DATA ELEMENTS--GENERAL INFORMATION | |
| fixed length control field | 150903s2008 ||||||||||||||||| || u |
| 020 ## - INTERNATIONAL STANDARD BOOK NUMBER | |
| International Standard Book Number | 9780521703239 |
| 050 ## - LIBRARY OF CONGRESS CALL NUMBER | |
| Classification number | PN 6014 Ide |
| 100 ## - MAIN ENTRY--PERSONAL NAME | |
| Personal name | Marland, Michael |
| 245 10 - TITLE STATEMENT | |
| Title | Ideas, insights and arguments: a non-fiction collection |
| Statement of responsibility, etc. | edited by Michael Marland |
| 260 ## - PUBLICATION, DISTRIBUTION, ETC. | |
| Place of publication, distribution, etc. | Cambridge |
| Name of publisher, distributor, etc. | Cambrigde University Press |
| Date of publication, distribution, etc. | 2008 |
| 300 ## - PHYSICAL DESCRIPTION | |
| Extent | x,246p. :ill. |
| 350 ## - | |
| -- | 12.25 |
| 650 ## - SUBJECT ADDED ENTRY--TOPICAL TERM | |
| Topical term or geographic name entry element | ANTHOLOGIES |
| 650 ## - SUBJECT ADDED ENTRY--TOPICAL TERM | |
| Topical term or geographic name entry element | LITERATURE |
| 995 ## - | |
| -- | MAIN LIBRARY OPEN ACCESS |
| -- | 745609 |
| -- | CBU-MAIN LIBRARY (Kitwe) |
| -- | 12.25 |
| -- | PN 6014 Ide |
| -- | 1 |
| -- | AVAILABLE |
| -- | Sep 3, 2015 |
| -- | 745609 |
| -- | Main Library Open Access Collection |
| 995 ## - | |
| -- | MEDICAL LIBRARY OPEN ACCESS |
| -- | 903148 |
| -- | CBU-SCHOOL OF MEDICINE LIBRARY (Ndola) |
| -- | 12.25 |
| -- | PN 6014 Ide |
| -- | 2 |
| -- | AVAILABLE |
| -- | Sep 4, 2015 |
| -- | 903148 |
| -- | Medical Library Open Access Collection |
| 999 ## - | |
| -- | 64099 |
| -- | 64099 |
| Withdrawn status | Lost status | Source of classification or shelving scheme | Damaged status | Not for loan | Permanent Location | Current Location | Shelving location | Date acquired | Total Checkouts | Full call number | Barcode | Date last seen | Copy number | Price effective from | Koha item type |
|---|---|---|---|---|---|---|---|---|---|---|---|---|---|---|---|
| CBU-MAIN LIBRARY, KITWE. | CBU-MAIN LIBRARY, KITWE. | 02/09/2023 | PN 6014 Ide | 745609 | 02/09/2023 | 1 | 02/09/2023 | MONOGRAPH | |||||||
| CBU-SCHOOL OF MEDICINE LIBRARY, NDOLA. | CBU-SCHOOL OF MEDICINE LIBRARY, NDOLA. | 02/09/2023 | PN 6014 Ide | 903148 | 02/09/2023 | 2 | 02/09/2023 | MONOGRAPH |